Femmes et les industries culturelle s (Les) (Record n. 42937)
[ formato base ]
| 000 -LEADER | |
|---|---|
| fixed length control field | 01240nam a2200301Ia 4500 |
| 001 - CONTROL NUMBER | |
| control field | 25357 |
| 003 - CONTROL NUMBER IDENTIFIER | |
| control field | IT-RoPAU |
| 008 - FIXED-LENGTH DATA ELEMENTS--GENERAL INFORMATION | |
| fixed length control field | 130308s9999 xx 000 0 und d |
| 040 ## - CATALOGING SOURCE | |
| Original cataloging agency | IT-RoPAU |
| 040 ## - CATALOGING SOURCE | |
| Transcribing agency | IT-RoPAU |
| 041 ## - LANGUAGE CODE | |
| Language code of text/sound track or separate title | FRANCESE |
| 999 ## - SYSTEM CONTROL NUMBERS (KOHA) | |
| Koha Dewey Subclass [OBSOLETE] | SI |
| 100 ## - MAIN ENTRY--PERSONAL NAME | |
| Personal name | Gallagher Margaret |
| 100 ## - MAIN ENTRY--PERSONAL NAME | |
| Miscellaneous information | Codice Aut. SPICS: 9684 |
| 245 ## - TITLE STATEMENT | |
| Title | Femmes et les industries culturelle s (Les) |
| 245 ## - TITLE STATEMENT | |
| Remainder of title | Industries Culturelles (Les)-Un Enjeu pour l'avenir de la Culture |
| 250 ## - EDITION STATEMENT | |
| Edition statement | 1a ed. |
| 260 ## - PUBLICATION, DISTRIBUTION, ETC. (IMPRINT) | |
| Place of publication, distribution, etc. | PARIS |
| 260 ## - PUBLICATION, DISTRIBUTION, ETC. (IMPRINT) | |
| Name of publisher, distributor, etc. | Unesco |
| 260 ## - PUBLICATION, DISTRIBUTION, ETC. (IMPRINT) | |
| Date of publication, distribution, etc. | 1982 [1° Ed.:1982 - Ed.Ling.Originale:1982] |
| 300 ## - PHYSICAL DESCRIPTION | |
| Extent | "18 p. (prefazione: no ; testo: 18 [pagine: 67-84])" |
| 500 ## - GENERAL NOTE | |
| General note | Donne e industrie Culturali Cultura industrie Culturali e Produzione di Senso Particolarità dei Rapporti della donna con le industrie Culturali Processo di Socializzazione e immagini della donna Nei Mass Media ruoli Funzionali Situazione delle Donne Impiegate Nei Media Donne e Loro Rapporto con la Produzione dei Media impatto delle immagini della donna Presentate Dai Media Donne nel Quadro dei Media e nella Loro Realtà Sociale |
| 650 ## - SUBJECT ADDED ENTRY--TOPICAL TERM | |
| Topical term or geographic name as entry element | SAGGI DI SOCIOLOGIA |
| 650 ## - SUBJECT ADDED ENTRY--TOPICAL TERM | |
| Relator term | Codice materia Spics: 3657 |
| 942 ## - ADDED ENTRY ELEMENTS (KOHA) | |
| Koha item type | LIBRO |
| 957 ## - | |
| -- | 1 |
| 999 ## - SYSTEM CONTROL NUMBERS (KOHA) | |
| -- | 1 |
| Withdrawn status | Lost status | Damaged status | Not for loan | Home library | Current library | Date acquired | Total Checkouts | Full call number | Date last seen | Price effective from | Koha item type | Public note |
|---|---|---|---|---|---|---|---|---|---|---|---|---|
| Buone Condizioni | Not For Loan | SPICS-MEDIATECA | SPICS-MEDIATECA | 08/03/2013 | 25357 | 08/03/2013 | 08/03/2013 | LIBRO | Progressivo inserimento: 10039 / N. Volumi: 0 [=Contributo] Copie: 1 Copia Rara: SI / data import: 1 marzo 2013 - By Epidotti, Trombetti, Vaglietti. |